Football : les gagnants de la Liga au 21ème siècle - Statistiques

Statistiques générales
  • Ce quiz a été pris 327 fois
  • Le résultat moyen est 24 sur 25
Statistiques - réponses
Année Club % Correct
2024 Real Madrid
100%
2022 Real Madrid
100%
2020 Real Madrid
100%
2017 Real Madrid
100%
2012 Real Madrid
100%
2008 Real Madrid
100%
2007 Real Madrid
100%
2003 Real Madrid
100%
2001 Real Madrid
100%
2023 Barcelone
97%
2019 Barcelone
97%
2018 Barcelone
97%
2016 Barcelone
97%
2015 Barcelone
97%
2013 Barcelone
97%
2011 Barcelone
97%
2010 Barcelone
97%
2009 Barcelone
97%
2006 Barcelone
97%
2005 Barcelone
97%
2021 Atletico
95%
2014 Atletico
95%
2004 Valence
83%
2002 Valence
83%
2000 Deportivo
55%
Aucun quiz correspondant
Distribution des résultats
% des personnes avec chaque résultat
Percentile par nombre de réponses
Votre historique - résultats
Vous n’avez pas pris ce quiz